Stolicę województw według ludności w kolejności - Statystyki

Ogólne statystyki
  • Ten quiz został rozwiązany 324 razy
  • Średni wynik to 14 z 18
Statystyki odpowiedzi
Ludność Stolice % Poprawnych
1 861 975 Warszawa
100%
803 283 Kraków
98%
675 079 Wrocław
93%
658 444 Łódź
91%
541 316 Poznań
90%
486 345 Gdańsk
89%
391 566 Szczecin
85%
331 243 Lublin
82%
330 038 Bydgoszcz
80%
292 600 Białystok
77%
280 190 Katowice
76%
197 181 Rzeszów
74%
126 100 Opole
73%
183 885 Kielce
72%
195 690 Toruń
68%
168 212 Olsztyn
67%
109 877 Gorzów Wielkopolski
64%
127 933 Zielona Góra
63%
Nie znaleziono quizów pasujących do podanych kryteriów
Rozkład punktacji
Procent ludzi z każdym wynikiem
Percentyl według liczby udzielonych odpowiedzi
Twoja historia wyników
Nie rozwiązałeś tego quizu